Cocovoit - Personnages par images - Statistiques

Statistiques générales
  • Ce quiz a été pris 21 fois
  • Le résultat moyen est 9 sur 16
Statistiques - réponses
Par images Réponse % Correct
Guizmo
100%
Polo
87%
Berthier
80%
Ptit filou
67%
Joe Lopez
60%
La daronne
60%
Le détective
53%
Le flic
53%
Blablavoit
47%
Gérald
47%
Jean Louis (le prof)
47%
Johnny Snake
47%
Alice
40%
Keyvan
27%
Léonard
27%
L'acteur porno
20%
Aucun quiz correspondant
Distribution des résultats
% des personnes avec chaque résultat
Percentile par nombre de réponses
Votre historique - résultats
Vous n’avez pas pris ce quiz